| 000 | 00848nam a22002537a 4500 | ||
|---|---|---|---|
| 005 | 20130508113206.0 | ||
| 010 | _aENG-107002 | ||
| 020 |
_a9788170005896 _c3850.00 |
||
| 035 | _aEN-90535 | ||
| 037 | _bDBAD/PUB | ||
| 082 | _a022.317 | ||
| 100 | _aLeighton, Philip D. | ||
| 245 |
_aPlanning academic and research library buildings / _cby Philip D. Leighton [and] David C. Weber |
||
| 250 | _a3rd ed | ||
| 260 |
_aNew Delhi _bESS ESS Publications _c2011 |
||
| 270 |
_a4837/24, Ansari Road, Daryaganj _bNew Delhi _e110002 |
||
| 300 |
_axvi,887p. : _c29cm(Hb) _bill.,maps |
||
| 500 | _aIncludes index | ||
| 650 |
_a Library architecture _z United States. |
||
| 650 |
_a Academic libraries _z United States. |
||
| 650 |
_aResearch libraries _z United States. |
||
| 700 | _aWeber, David C. | ||
| 942 |
_2ddc _cEN _h022.317 _mLEI |
||
| 999 |
_c75183 _d75183 |
||